000 00621nam a2200229Ia 4500
003 OSt
005 20221007064957.0
006 a|||||r|||| 00| 0
007 ta
008 221006b |||||||| |||| 00| 0 eng d
024 _a13,192
037 _cTextual
040 _aFLL
_cFLL
_beng
041 _2eng
_aeng
082 _aV73:19041:N5, K9
100 _aGupta D.C. Au.
_9686494
245 0 _aUnited states attitude towards China
260 _aDelhi
_bS.Chand & Comp. India
_c1969
300 _a445p
_ccm.
942 _hV73:19041:N5, K9
_cTEXL
_2CC
999 _c1135937
_d1135937